000
00327 a2200157 4500
001
161462
020
_a
040
_c
Magnum
100
_a
Hohlfeldt, Antonio
240
1
0
_a
Descobridor de continentes
_l
por
245
1
0
_a
Descobridor de continentes
362
0
_a
1899
440
1
_a
FTD
697
_a
J/GERAL
942
_c
BK
999
_c
161462
_d
161462